Logam dan rahsianya (Record no. 28563)

MARC details
000 -LEADER
fixed length control field 00726nam a2200265 i 4500
001 - CONTROL NUMBER
control field C2-0112965
003 - CONTROL NUMBER IDENTIFIER
control field PPAK
005 - DATE AND TIME OF LATEST TRANSACTION
control field 20180727104119.0
008 - FIXED-LENGTH DATA ELEMENTS--GENERAL INFORMATION
fixed length control field 970706s1995 my a|||| ||||| | may d
020 ## - INTERNATIONAL STANDARD BOOK NUMBER
International Standard Book Number 9835007764
040 ## - CATALOGING SOURCE
Original cataloging agency PPAK
Language of cataloging eng
Transcribing agency PPAK
Description conventions rda
082 04 - DEWEY DECIMAL CLASSIFICATION NUMBER
Classification number 039.992302
Edition number 23
090 00 - LOCALLY ASSIGNED LC-TYPE CALL NUMBER (OCLC); LOCAL CALL NUMBER (RLIN)
Classification number (OCLC) (R) ; Classification number, CALL (RLIN) (NR) 039.992302
Feature heading REY
Feature heading K
Classification number (OCLC) (R) ; Classification number, CALL (RLIN) (NR) 039.992302
Feature heading REY
Feature heading RK
100 1# - MAIN ENTRY--PERSONAL NAME
Personal name Reymond, Jean - Pierre,
Relator term author
245 10 - TITLE STATEMENT
Title Logam dan rahsianya
264 #1 - PRODUCTION, PUBLICATION, DISTRIBUTION, MANUFACTURE, AND COPYRIGHT NOTICE
Place of production, publication, distribution, manufacture Johor Bahru, Johor :
Name of producer, publisher, distributor, manufacturer Pelangi ,
Date of production, publication, distribution, manufacture, or copyright notice 1995
300 ## - PHYSICAL DESCRIPTION
Extent 31 pages :
Other physical details colour illustrations ;
Dimensions 18 cm
336 ## - CONTENT TYPE
Source rdacontent
Content type term text
337 ## - MEDIA TYPE
Source rdamedia
Media type term unmediated
338 ## - CARRIER TYPE
Source rdacarrier
Carrier type term volume
490 1# - SERIES STATEMENT
Series statement Dunia ilmu
830 #0 - SERIES ADDED ENTRY--UNIFORM TITLE
Uniform title Dunia ilmu
942 ## - ADDED ENTRY ELEMENTS (KOHA)
-- dc
Koha item type Book
Holdings
Withdrawn Not for loan Current library Shelving location Date acquired Full call number Barcode Date last seen Koha item type Total Checkouts Date last checked out
  Not For Loan Perpustakaan Alor Setar Rujukan Kanak-kanak 06/07/1997 RK 039.992302 REY A00015438 08/05/2018 Book    
  Not For Loan Perpustakaan Awam Sungai Petani Rujukan Kanak-kanak 09/01/1999 RK 039.992302 REY A00249345 08/05/2018 Book    
  Not For Loan Perpustakaan Jitra Rujukan Kanak-kanak 06/07/1997 RK 039.992302 REY A00015440 08/05/2018 Book    
  Not For Loan Perpustakaan Jitra Rujukan Kanak-kanak 09/01/1999 RK 039.992302 REY A00249346 08/05/2018 Book    
  Not For Loan Perpustakaan Kulim Rujukan Kanak-kanak 06/07/1997 RK 039.992302 REY A00015442 08/05/2018 Book    
    Perpustakaan Merbok Pinjaman Kanak-kanak 27/01/2008 K 039.992302 REY A01221263 08/05/2018 Book    
    Perpustakaan Merbok Pinjaman Kanak-kanak 27/01/2008 K 039.992302 REY A01221262 22/10/2022 Book 1 15/10/2022
  Not For Loan Perpustakaan Yan Rujukan Kanak-kanak 06/07/1997 RK 039.992302 REY A00015443 08/05/2018 Book